000 00986cam a2200277 i 4500
003 SA-RiAUC
005 20250829154448.0
008 250810s1992 ua g 000 0dara c
020 _a9772010186
040 _aSA-RiAUC
_bara
_cSA-RiAUC
_erda
082 0 4 _a259
090 _a259
_b ف و ز
100 1 _aفوزي، محمود،
_d1958-2009
_eمؤلف.
245 1 2 _aالشيخ الشعراوي وفتاوي العصر /
_cمحمود فوزي.
250 _aالطبعة الثالثة.
264 1 _aالقاهرة :
_bالجداوي للنشر،
_c1992
300 _a159 صفحة ؛
_c17 سم
336 _aنص
_btxt
_2rdacontent
_3كتاب
337 _aبدون وسيط
_bn
_2rdamedia
338 _aمجلد
_bnc
_2rdacarrier
600 1 7 _aالشعراوي، محمد متولي،
_d1911-1998
_2aucnm
650 7 _aالفقه الإسلامي
_2aucsh
650 7 _aالفقه الإسلامي
_2aucsh
942 _2ddc
_cBOOK
_n0
949 _aSA-JeALM
_d250810
_umohamedma123
_n1
999 _c11293
_d11293